International preparatory meeting of the area of natural resources and the quality of life

Збережено в:
Бібліографічні деталі
Співавтор: University for Peace
Формат: Текст
Опубліковано: San José
Теги: Додати тег
Немає тегів, Будьте першим, хто поставить тег для цього запису!

MARC

LEADER 00000 a a2200000 04500
001 20399
003
040
090 |a 085200  
110 |a University for Peace  
245 |a International preparatory meeting of the area of natural resources and the quality of life  
260 |a San José  
300 |a 48 p.  
999 |c 5242  |d 5242